[Event "Berdsk Maestro op 16th"]
[Site "Berdsk"]
[Date "2010.07.14"]
[Round "7"]
[White "Ashirov, Rustam"]
[Black "Glukhov, Mikhail"]
[Result "1-0"]
[WhiteElo "2062"]
[BlackElo "2222"]
[PlyCount "57"]
[EventDate "2010.07.08"]
[EventType "swiss"]
[EventRounds "9"]
[EventCountry "RUS"]
[SourceTitle "EXT 2011"]
[Source "ChessBase"]
[SourceDate "2010.11.26"]
[SourceVersion "1"]
[SourceVersionDate "2010.11.26"]
[SourceQuality "1"]

1. e4 c5 2. Nf3 e6 3. d4 cxd4 4. Nxd4 Nf6 5. Nc3 d6 6. Bg5 Be7 7. f3 Nc6 8. Qd2 0-0 9. 0-0-0 Bd7 10. Ndb5 d5 11. Bxf6 Bxf6 12. exd5 Nb4 13. Bc4 Qb6 14. Nd4 Rac8 15. Bb3 a5 16. dxe6 fxe6 17. Rhe1 Kh8 18. a3 Na6 19. Kb1 Rxc3 20. Qxc3 e5 21. Ne2 Bf5 22. Ng3 e4 23. Qe3 Nc5 24. Nxf5 a4 25. Rd6 Qc7 26. Ba2 Bxb2 27. Kxb2 Rxf5 28. Red1 Nd3+ 29. R1xd3 1-0